Actors Playing Themselves Quiz Stats

Quiz Updated Sep 19, 2015

Challenge
Share
Tweet
Score 0/25 Timer 05:00
3 Plays Today
% Correct
The Simpsons Movie
94.1%
Space Jam
93.7%
Ace Ventura: Pet Detective
92.3%
Zoolander
85.8%
The SpongeBob SquarePants Movie
82.3%
Airplane!
81.9%
Happy Gilmore
78.9%
Being John Malkovich
78.7%
The Hangover
76.8%
Harold & Kumar Escape from Guantanamo Bay
75.9%
Zombieland
65.4%
This Is the End
57.8%
Dodgeball: A True Underdog Story
57.6%
% Correct
The Dictator
55.6%
Ted
49.8%
Man on the Moon
46.6%
Scary Movie 4
44.6%
Jay and Silent Bob Strike Back
34.8%
Wayne's World
31.8%
I Love You, Man
30.5%
Jack and Jill
20.3%
The Entourage Movie
19.5%
Mars Attacks!
13.9%
Funny People
10.5%
Night at the Museum: Secret of the Tomb
8.3%

You're not logged in!

Compare scores with friends on all Sporcle quizzes.
Sign Up with Email
OR
Log In

You Might Also Like...

Show Comments

Extras

Top Quizzes Today


Score Distribution

Your Account Isn't Verified!

In order to create a playlist on Sporcle, you need to verify the email address you used during registration. Go to your Sporcle Settings to finish the process.